| 000 | 01221cam a22003497a 4500 | ||
|---|---|---|---|
| 003 | CHAP | ||
| 005 | 20220329133352.0 | ||
| 008 | 971013s1991 r 00010 d | ||
| 010 | _a5558 | ||
| 011 | _a6530 | ||
| 035 | _a5750 | ||
| 040 | _cCHAP | ||
| 090 | _aTesis | ||
| 100 | 0 | 0 |
_aMéndez Ortega, Marcos Javier. _976553 |
| 245 | 0 | _aEnsayo de fertilización con nitrógeno y fósforo en Pinus teocote Schl. et. Cham., bajo condiciones de vivero | |
| 260 |
_aChapingo, Méx. : _bEl Autor, _c1991 |
||
| 300 |
_a84 h. _b: ilus. ; gráfs. |
||
| 502 | _aTesis (Ing. Agr. Esp. en Bosques) -- UACH. División de Ciencias Forestales | ||
| 590 |
_aALEPH _b10 _c20130110 _lUCH01 _h1216 |
||
| 590 |
_aBATCH-UPD _b10 _c20130110 _lUCH01 _h1701 |
||
| 590 |
_aBATCH-UPD _b10 _c20130410 _lUCH01 _h1048 |
||
| 590 |
_aBATCH-UPD _b10 _c20130914 _lUCH01 _h1403 |
||
| 590 |
_aCONVERSION _b10 _c20130109 _lUCH01 _h1304 |
||
| 650 | 1 | 4 |
_aFertilizantes fosfatados. _940592 |
| 650 | 1 | 4 |
_aFertilizantes nitrogenados. _940596 |
| 650 | 1 | 4 |
_aFertilizantes _xEfecto en pináceas. _940540 |
| 650 | 1 | 4 |
_aPinus teocote. _988371 |
| 650 | 1 | 4 |
_aViveros forestales. _9120100 |
| 901 | _aBK | ||
| 942 | _cTESIS | ||
| 949 |
_bBC _cTES _d-15345 _eTS1 _h24119 _i5750 _si |
||
| 999 |
_c5558 _d5558 |
||